Ocaso y final del círculo rojinegro / (Record no. 69757)
[ view plain ]
| 000 -LEADER | |
|---|---|
| fixed length control field | 00688cam a2200205 4500 |
| 008 - FIXED-LENGTH DATA ELEMENTS--GENERAL INFORMATION | |
| fixed length control field | 090224t19911991mx 000 0 spa u |
| 020 ## - INTERNATIONAL STANDARD BOOK NUMBER | |
| International Standard Book Number | 9688350990 |
| 050 04 - LIBRARY OF CONGRESS CALL NUMBER | |
| Classification number | JL1299 .M4 |
| Item number | S36 1991 |
| 100 1# - MAIN ENTRY--PERSONAL NAME | |
| Personal name | Sánchez García, Alfonso, |
| Dates associated with a name | 1927- |
| 245 ## - TITLE STATEMENT | |
| Title | Ocaso y final del círculo rojinegro / |
| Statement of responsibility, etc | Alfonso Sánchez García. |
| 250 ## - EDITION STATEMENT | |
| Edition statement | 1a ed. |
| 260 ## - PUBLICATION, DISTRIBUTION, ETC. (IMPRINT) | |
| Place of publication, distribution, etc | México |
| -- | Universidad Autónoma del Estado de México, |
| Date of publication, distribution, etc | c1991 |
| 300 ## - PHYSICAL DESCRIPTION | |
| Extent | 77 p. |
| Other physical details | il. ; |
| Dimensions | 20 cm. |
| 440 #0 - SERIES STATEMENT/ADDED ENTRY--TITLE | |
| Title | Colección Historia ; |
| Volume number/sequential designation | 10 |
| 505 ## - FORMATTED CONTENTS NOTE | |
| Formatted contents note | Rec. esc. |
| 650 #7 - SUBJECT ADDED ENTRY--TOPICAL TERM | |
| Topical term or geographic name as entry element | Partidos políticos |
| Geographic subdivision | México (Estado) |
| Source of heading or term | LEMB |
| 651 #7 - SUBJECT ADDED ENTRY--GEOGRAPHIC NAME | |
| Geographic name | México (Estado) |
| General subdivision | Política y Gobierno |
| Source of heading or term | LEMB |
| 942 ## - ADDED ENTRY ELEMENTS (KOHA) | |
| Source of classification or shelving scheme | Biblioteca del Cogreso de los Estados Unidos |
| Koha item type | Libro |
| Estado de pérdida | Fuente de clasificación | Estado del daño | No para préstamo | Ubicación permanente | Ubicación actual | Apartado o colección | Fecha de adquisición | Área del conocimiento | Clasificación | Código de Barras | Date last seen | Número de copia | Tipo de recurso |
|---|---|---|---|---|---|---|---|---|---|---|---|---|---|
| Biblioteca del Cogreso de los Estados Unidos | Biblioteca del Instituto de Investigaciones Históricas | Biblioteca del Instituto de Investigaciones Históricas | General | 27/11/2018 | Ciencias Sociales y Administrativas | JL1299.M4 S36 1991 | IIH000003003 | 27/11/2018 | C:1 | Libro |